00437 2200181 4500001002100000005001500021035002000036245006100056100001900117300001200136260003700148082000800185084001400193990001200207990001200219990001200231990001200243INLIS00000000000170820250430101514 a0010-04250001241 aKisah 1001 Malam :bAbu Nawas & Aladin /cGibran Maulana0 aGibran Maulana a128 hlm aSurabaya :bKarya Gemilang Utama a813 a813 GIB k a0754629 a0754630 a0754631 a0754632